Statistics for mickey mouse clubhouse characters

Click here to take the quiz!

General Stats

  • This quiz has been taken 116 times
  • The average score is 6 of 6

Answer Stats

#Answer% Correct
1Mickey
100%
3Donald
98%
4Daisy
98%
5Goofy
98%
2Minnie
97%
6Pluto
96%

Score Distribution

Percentile by Number Answered

Percent of People with Each Score

Your Score History

You have not taken this quiz